000 00922nam a2200253Ia 4500
008 231002m2023 sp 000 0 spa d
041 _aspa
245 0 3 _aEl papel más importante de los sindicatos para combatir los discursos de extrema derecha es hacer sindicalismo
260 _aToledo :
_bCCOO Castilla-La Mancha,
_c2023
300 _a1 p. ;
_c 30 cm
500 _aEn: Gaceta Sindical Digital : Castilla-La Mancha, n. 478 (febrero 2023), p. 2
650 0 _aACTITUD SINDICAL
_961
650 0 _aSINDICALISMO
_9189
650 0 _aSINDICATO
_9208
650 0 _aCCOO
_960
650 0 _aJUVENTUD
_9951
650 0 _aCONFERENCIA
_9311
650 0 _aFUNCIONARIO SINDICAL
_91515
650 0 _aIDEOLOGIA POLITICA
_91711
710 _aCCOO
_bCastilla-La Mancha
_924880
856 _zPDF
_uhttps://docpublicos.ccoo.es/cendoc/065631PapelImportanteSindicatos.pdf
907 _aNuestra organización
942 _cDOCU_ELEC
_2ddc
999 _c58129
_d58129